Oberliga Hamburg Ewige Tabelle - Statistiken

Allgemein
  • Dieses Quiz wurde 109 mal gespielt
  • Das Durchschnittsergebnis liegt bei 23 aus 62
Antwortstatistiken
Hint Antwort Punkte % Korrekt
1 Victoria Hamburg 1098
88%
9 Altona 93 717
86%
12 Concordia Hamburg 660
84%
51 Concordia Hamburg II 35
84%
24 HEBC Hamburg 238
80%
20 VFL 93 Hamburg 342
79%
62 Örnek/Türkspor Hamburg 11
78%
30 FC St. Pauli II 143
74%
33 Hamburger SV III 132
73%
18 Eintracht Norderstedt 376
64%
25 FC Teutonia Ottensen 205
57%
7 TuS Dassendorf 755
54%
4 Niendorfer TSV 867
53%
2 Barmbek Uhlenhorst 932
52%
15 TSV Sasel 492
48%
35 ASV Bergedorf 85 130
47%
28 Bramfelder SV 159
46%
26 FC Bergedorf 85 181
43%
50 Inter GSK Bergedorf 36
43%
10 USC Paloma 666
43%
39 Eimsbütteler TV 103
42%
59 Grün-Weiß Harburg 23
41%
11 Meiendorfer SV 662
40%
17 Wedeler TSV 410
40%
21 Buxtehuder SV 289
37%
32 Barsbütteler SV 138
36%
27 Oststeinbeker SV 176
36%
14 VFL Pinneberg 537
36%
46 Glashütter SV 69
35%
22 SV Lurup 267
32%
6 SV Curslack-Neuengamme 772
31%
8 SV Halstenbek-Rellingen 718
31%
5 TSV Buchholz 08 832
30%
42 Hamm United 81
28%
45 SV Blankenese 71
28%
13 SV Rugenbergen 625
28%
29 FC Elmshorn 156
26%
31 FC Türkiye 141
26%
3 SC Condor 908
26%
19 FC Süderelbe 361
25%
23 TuS Osdorf 249
25%
16 Germania Schnelsen 472
23%
40 SC Vorwärts Wacker Billstedt 101
23%
44 FC Union Tornesch 75
22%
36 VFL Lohbrügge 120
22%
34 SC Vier und Marschlande 132
21%
38 Harburger TB 106
20%
58 TuRa Harksheide 24
20%
55 ETSV Altona-Eidelstedt 28
16%
47 SV Eidelstedt 38
16%
49 FC St. Georg Horn 36
15%
57 SC Alstertal-Langenhorn 27
14%
56 TSV Reinbek 27
14%
43 FC Voran Ohe 75
11%
53 SC Sperber 30
11%
60 Klub Kosova 22
10%
41 TSV Uetersen 96
10%
37 TuS Holstein Quickborn 119
10%
48 Blau Weiß 96 Schenefeld 36
7%
61 SC Egenbüttel 20
5%
52 TSV Wandsetal 33
5%
54 SV Este 06/70 30
2%
Keine übereinstimmenden Quizze gefunden
Verteilung der Resultate
Anzahl Personen mit jedem Resultat
Perzentil nach korrekt beantworteten Fragen
Ihre Resultats-Entwicklung
Sie haben dieses Quiz noch nicht gespielt